| 000 | 00725nam a22001337a 4500 | ||
|---|---|---|---|
| 040 | _cRUA | ||
| 082 | _aVEM KHO 2015 B482 Or.1 | ||
| 100 | _aKHOUN BOREY; ឃួន បូរី | ||
| 245 | _aEffectiveness of antibiotic to treatment piglet diarrhe at chea sokleng farm, somrong district, takeo province; ប្រសិទ្ធភាពឱសថ Antibiotic ព្យាយាមជំងឺរាកកូនជ្រូកនៅកសិដ្ឋាន ជា សុខឡេង ស្រុកសំរោង ខេត្តតាកែវ | ||
| 260 |
_aPhnom Penh _bRUA _c2015 |
||
| 300 |
_aix;41p. _bill. _c29cm. |
||
| 856 | _uhttps://drive.google.com/file/d/1Ay9vGb4TpzWcZcGoIU2Iiadcil22luXC/view?usp=sharing | ||
| 942 | _cVEM | ||
| 999 |
_c8163 _d8163 |
||